| 000 | 00661cam a22002293a 4500 | ||
|---|---|---|---|
| 001 | 17660 | ||
| 003 | PGUSA | ||
| 005 | 20140828083357.0 | ||
| 008 | 060201s2006||||xxu|||||s|||||000 1 eng d | ||
| 040 |
_aPGUSA _beng |
||
| 042 | _adc | ||
| 050 | 4 | _aPQ | |
| 100 | 1 |
_aVerne, Jules, _d1828-1905 |
|
| 245 | 1 | 0 |
_aL'archipel en feu _h[electronic resource] / _cJules Verne |
| 260 |
_bProject Gutenberg, _c2006 |
||
| 506 | _aPublic domain in the USA. | ||
| 516 | _aElectronic text | ||
| 653 | _aGreece -- History -- War of Independence, 1821-1829 -- Fiction | ||
| 830 | 0 |
_aProject Gutenberg _v17660 |
|
| 856 | 4 | 0 | _uhttp://www.gutenberg.org/ebooks/17660 |
| 942 | _cEB | ||
| 999 |
_c246915 _d246915 |
||